Busser med norsk sidestilt 2024 (Dekknavn) - Statistics

General Stats
  • This quiz has been taken 480 times
  • The average score is 20 of 32
Answer Stats
Hint Answer % Correct
KukenEikeli A gutter Piruss
92%
PappaOHG A gutter Madrugada
91%
LegendenStabekk A gutter Pikenes Jens
89%
VulvaenNesbru A gutter Stag
83%
HvalenStabekk jenter Kiss
82%
GnistenSandvika A gutter Trouble Man
82%
Subben/MyggenBlindern A gutter Hello Kitty
79%
PungenNordstrand A gutter Superstud
79%
LarvenOHG B gutter Blessed
77%
WonderboysVika A gutter Hotmale
76%
ParkenEikeli B gutter Shaguar
76%
HuldraOHG A jenter Ramperuss
74%
BiffenStabekk B gutter Kaimenn
73%
ÆrnaBlindern B gutter Offpissed
71%
DoningenNadderud gutter Breadheads
69%
JesusUllern A gutter Hoelander
69%
KlittenUllern B gutter Mannschaft
68%
SleikenOppegård A gutter Latham
65%
ØglaFollo A gutter Haraball
64%
KunstverketEikeli A jenter Played
64%
TitsmaskinenNordstrand B gutter Vanguard
61%
ArnaAsker A gutter Caddyshack
54%
PittenUllern C gutter Rawdog
54%
TogetBlindern A jenter Rullett
53%
KiddenOHG B jenter Lucky Strike
50%
DronningenNordstrand A jenter Lek
47%
BallaEikeli B jenter Tjejerut
44%
KariBlindern B jenter Shefield
37%
KartongenFollo A jenter Headline
34%
Arn2Ullern B jenter Ta Mere
33%
RakettenNordstrand B jenter Damelaget
32%
SledenUllern A jenter Beawatch
20%
No matching quizzes found
Score Distribution
Percent of People with Each Score
Percentile by Number Answered
Your Score History
You have not taken this quiz